Statistics for Percy Jackson & the lost heros

Click here to take the quiz!

General Stats

  • This quiz has been taken 66 times
  • The average score is 58 of 64

Answer Stats

QuestionTileSelect% Correct
Which Characters are the chosen seven?Annabeth ChadNo
100%
Which Characters are the chosen seven?Connor StollNo
100%
Which Characters are the chosen seven?Jaden GraceNo
100%
Which Characters are the chosen seven?Perry JohnsonNo
100%
Which Characters are the chosen seven?Piper LawsonNo
100%
Which Characters are the chosen seven?Rachel DareNo
100%
Which Characters are the chosen seven?Annabeth ChaseYes
98%
Which Characters are the chosen seven?Jason GraceYes
98%
Which Characters are the chosen seven?Percy JacksonYes
98%
Which Characters are the chosen seven?Piper McleanYes
98%
Which Characters are the chosen seven?Reyna AverillloNo
98%
Which Characters are the chosen seven?Thalia GraceNo
98%
Their are 12 main Olympian gods who are they? (Greek form)AphroditeYes
97%
Their are multiple bad guys in the series, who are they? (Percy Jackson enemies included)ApolloNo
97%
Their are 12 main Olympian gods who are they? (Greek form)ApolloYes
97%
Their are 12 main Olympian gods who are they? (Greek form)AresYes
97%
Their are 12 main Olympian gods who are they? (Greek form)ArtemisYes
97%
Their are multiple bad guys in the series, who are they? (Percy Jackson enemies included)ArtemisNo
97%
Their are 12 main Olympian gods who are they? (Greek form)AthenaYes
97%
Percy, Reyna, Tyson, Jason, and Hazel all have a horse (or horse like) Companion, can you name them?BlackJohnNo
97%
Their are 12 main Olympian gods who are they? (Greek form)HeraYes
97%
Their are 12 main Olympian gods who are they? (Greek form)JanusNo
97%
Their are multiple bad guys in the series, who are they? (Percy Jackson enemies included)KronosYes
97%
Their are multiple bad guys in the series, who are they? (Percy Jackson enemies included)LeoNo
97%
Which Characters are the chosen seven?Leo ValdezYes
97%
Which Characters are the chosen seven?Leo ValdozaNo
97%
Percy, Reyna, Tyson, Jason, and Hazel all have a horse (or horse like) Companion, can you name them?LongjohnNo
97%
Their are multiple bad guys in the series, who are they? (Percy Jackson enemies included)LukeYes
97%
Their are 12 main Olympian gods who are they? (Greek form)LupaNo
97%
Percy, Reyna, Tyson, Jason, and Hazel all have a horse (or horse like) Companion, can you name them?McleanyNo
97%
Their are 12 main Olympian gods who are they? (Greek form)PoseidonYes
97%
Their are multiple bad guys in the series, who are they? (Percy Jackson enemies included)RachelNo
97%
Their are 12 main Olympian gods who are they? (Greek form)ZeusYes
97%
Percy, Reyna, Tyson, Jason, and Hazel all have a horse (or horse like) Companion, can you name them?ZeusNo
97%
Their are multiple bad guys in the series, who are they? (Percy Jackson enemies included)AbigallNo
95%
Percy, Reyna, Tyson, Jason, and Hazel all have a horse (or horse like) Companion, can you name them?ArrowNo
95%
Percy, Reyna, Tyson, Jason, and Hazel all have a horse (or horse like) Companion, can you name them?BlackjackYes
95%
Their are multiple bad guys in the series, who are they? (Percy Jackson enemies included)CedricNo
95%
Their are multiple bad guys in the series, who are they? (Percy Jackson enemies included)ConnorNo
95%
Their are 12 main Olympian gods who are they? (Greek form)DemeterYes
95%
Percy, Reyna, Tyson, Jason, and Hazel all have a horse (or horse like) Companion, can you name them?FishyNo
95%
Which Characters are the chosen seven?Frank ZhangYes
95%
Which Characters are the chosen seven?Hazel LevesqueYes
95%
Their are 12 main Olympian gods who are they? (Greek form)HephaestusYes
95%
Their are multiple bad guys in the series, who are they? (Percy Jackson enemies included)LupaNo
95%
Percy, Reyna, Tyson, Jason, and Hazel all have a horse (or horse like) Companion, can you name them?NicnackNo
95%
Their are multiple bad guys in the series, who are they? (Percy Jackson enemies included)ReynaNo
95%
Their are 12 main Olympian gods who are they? (Greek form)CupidNo
93%
Percy, Reyna, Tyson, Jason, and Hazel all have a horse (or horse like) Companion, can you name them?ArionYes
91%
Their are 12 main Olympian gods who are they? (Greek form)HypnosNo
91%
Percy, Reyna, Tyson, Jason, and Hazel all have a horse (or horse like) Companion, can you name them?HurricaneNo
90%
Percy, Reyna, Tyson, Jason, and Hazel all have a horse (or horse like) Companion, can you name them?RainstormNo
90%
Percy, Reyna, Tyson, Jason, and Hazel all have a horse (or horse like) Companion, can you name them?SkamanderNo
88%
Their are 12 main Olympian gods who are they? (Greek form)HadesYes
84%
Their are 12 main Olympian gods who are they? (Greek form)HestiaYes
83%
Percy, Reyna, Tyson, Jason, and Hazel all have a horse (or horse like) Companion, can you name them?RainbowYes
83%
Percy, Reyna, Tyson, Jason, and Hazel all have a horse (or horse like) Companion, can you name them?LightningNo
81%
Percy, Reyna, Tyson, Jason, and Hazel all have a horse (or horse like) Companion, can you name them?TempestYes
81%
Their are multiple bad guys in the series, who are they? (Percy Jackson enemies included)TyphoonYes
81%
Their are multiple bad guys in the series, who are they? (Percy Jackson enemies included)EthanYes
79%
Their are multiple bad guys in the series, who are they? (Percy Jackson enemies included)LionNo
79%
Percy, Reyna, Tyson, Jason, and Hazel all have a horse (or horse like) Companion, can you name them?SkippyYes
47%
Their are multiple bad guys in the series, who are they? (Percy Jackson enemies included)HeraYes
36%
Their are multiple bad guys in the series, who are they? (Percy Jackson enemies included)ChrisYes
12%

Score Distribution

Percentile by Number Answered

Percent of People with Each Score

Your Score History

You have not taken this quiz